| 000 | 01336nam a22003857a 4500 | ||
|---|---|---|---|
| 003 | CHAP | ||
| 005 | 20220329141821.0 | ||
| 008 | 971013s1988 mx a r 00010 spa d | ||
| 010 | _a74316 | ||
| 011 | _a75288 | ||
| 035 | _a84848 | ||
| 040 | _cCHAP | ||
| 082 |
_a572 _bL6 |
||
| 100 | 0 | 0 |
_aLópez Sánchez, Cuauhtémoc. _968344 |
| 245 | 1 | _aLecturas chiapanecas | |
| 260 |
_aMéxico, D.F. : _bMiguel Angel Porrúa, _c1988 |
||
| 300 |
_av. : _bilus. |
||
| 500 | _aLa biblioteca tiene : v.1, v.5, v.6 | ||
| 590 |
_aBATCH-UPD _b10 _c20130110 _lUCH01 _h0220 |
||
| 590 |
_aBATCH-UPD _b10 _c20130110 _lUCH01 _h0808 |
||
| 590 |
_aBATCH-UPD _b10 _c20130409 _lUCH01 _h2240 |
||
| 590 |
_aBATCH-UPD _b10 _c20130410 _lUCH01 _h1425 |
||
| 590 |
_aBATCH-UPD _b10 _c20130914 _lUCH01 _h0036 |
||
| 590 |
_aCONVERSION _b10 _c20130109 _lUCH01 _h1341 |
||
| 650 | 1 | 4 |
_aAgricultura _xChiapas. _91355 |
| 650 | 1 | 4 |
_aChiapas _xHistoria. _922235 |
| 650 | 1 | 4 |
_aChiapas _xVida social y costrumbres. _922239 |
| 650 | 1 | 4 |
_aEtnología _xChiapas. _938656 |
| 650 | 1 | 4 |
_aIndios de Chiapas. _957593 |
| 901 | _aBK | ||
| 942 | _cLIBRO | ||
| 949 |
_a572 L6 _bBC _cLIBRO _d33724000282257 _eLIBRO _fv.5 _h86871 _i84848 _si |
||
| 949 |
_a572 L6 _bBC _cLIBRO _d33724000988945 _eLIBRO _fv.1 _h86870 _i84848 _si |
||
| 949 |
_a572 L6 _bBC _cLIBRO _d33724002232512 _eLIBRO _fv.6 _gDonaciØn _h114179 _i84848 _sb |
||
| 999 |
_c74316 _d74316 |
||